00305nam a2200133Ia 45000030006000000080041000060400015000471000027000622450032000892500015001212600006001365460012001420050017001540STCL150530s9999 xx 000 0 und d aSTCLcSTCL aPearson Education Asia aUpgrading and repairing Pcs aFourteenth c0 aEnglish20220125165756.0